| 000 | 00749cpmaa2200229 4500 | ||
|---|---|---|---|
| 001 | mm 79003698 | ||
| 003 | DLC | ||
| 005 | 20260227111645.0 | ||
| 008 | 791026|||||||||||| eng | ||
| 010 | _amm 79003698 | ||
| 040 |
_aDLC _cDLC _edacs _dDLC |
||
| 072 | 7 |
_aC _2lcmd |
|
| 110 | 2 | _aDock Coffee House (Philadelphia, Pa.). | |
| 245 | 0 | 0 |
_aPlan of the Dock Coffee House, _fcirca 1783. |
| 300 |
_a1 _fitem. |
||
| 506 | 0 | _aOpen to research. | |
| 520 | 8 | _aOversize plan. | |
| 546 | _aCollection material in English. | ||
| 580 | _aForms part of: Miscellaneous Manuscripts collection. | ||
| 999 |
_c41419 _d41419 |
||